Nová forma spamu pri realizácii PPC kampane

PPC kampane sú veľmi populárnym nástrojom, ktorý je súčasťou internetového marketingu. PPC (pay per click = plať za klik) ako metóda platenej tvorby premávky na stránke. Podstata problému. Zneužitie systému spoplatnenia služby určitými skupinami ľudí. Otázka ohrozenia trhu online reklamy. Aktivity p...

Descripción completa

Guardado en:
Detalles Bibliográficos
Autor principal: Miklošík, Andrej
Formato: Capítulo de libro
Lenguaje:eslovaco
Materias:
Etiquetas: Agregar Etiqueta
Sin Etiquetas, Sea el primero en etiquetar este registro!

MARC

LEADER 00000naa$a2200000$$$4500
001 0051745
005 20240522080822.9
041 0 |a slo 
044 |a SK 
245 1 0 |a Nová forma spamu pri realizácii PPC kampane  |c Andrej Miklošík 
520 |a PPC kampane sú veľmi populárnym nástrojom, ktorý je súčasťou internetového marketingu. PPC (pay per click = plať za klik) ako metóda platenej tvorby premávky na stránke. Podstata problému. Zneužitie systému spoplatnenia služby určitými skupinami ľudí. Otázka ohrozenia trhu online reklamy. Aktivity poskytovateľov PPC služieb. Ako by mal postupovať zadávateľ (klient). 
610 2 0 |a technológie informačné 
610 2 0 |a technológie komunikačné 
610 2 0 |a internet 
610 2 0 |a firmy 
610 2 0 |a marketing 
610 2 0 |a reklama 
100 1 |a Miklošík, Andrej